| 000 | 00761nam a2200205 a 4500 | ||
|---|---|---|---|
| 005 | 20240221063716.0 | ||
| 008 | 991125s1963 mx 000 0 spa u | ||
| 035 | _aUPN01000005800 | ||
| 049 | _aSEP | ||
| 050 | 4 |
_aLC5309 U56 _bB5.3 |
|
| 245 | 0 | 0 |
_aBiología : _btercer curso / _cMa. Agustina Batalla Cepeda ... [et al.]. |
| 260 |
_aMéxico : _bSEP, Instituto Federal de Capacitación del Magisterio, _c1963. |
||
| 300 |
_a2 v. : _bil. |
||
| 500 | _a"Ciclo de educación secundaria para capacitación profesional del magisterio" | ||
| 500 | _aDisponible en la Colección Medina | ||
| 650 | 4 |
_aBiología _xEstudio y enseñanza (Secundaria) _94532 |
|
| 650 | 4 |
_aEducación a distancia _97924 |
|
| 700 | 1 |
_aBatalla Cepeda, María Agustina, _ecoaut. |
|
| 905 | _aLibro | ||
| 999 |
_c5800 _d5800 |
||